000 00369nam a2200145Ia 4500
008 230917s9999||||xx |||||||||||||| ||und||
040 _e148043
_aMAIN
041 _aEnglish
082 _a362.20425 H867S
100 _aHudson, Barbara L
245 0 _aSociol work with psychiatric patients
260 _aLondon
_bThe Macmillan
_c1982
300 _a205p. p.
942 _cBK
999 _c38237
_d38237